000 00380nam a2200145Ia 4500
008 230917s9999||||xx |||||||||||||| ||und||
040 _e154176
_aMAIN
041 _aEnglish
082 _a515.352 R13O
100 _aRai, B
245 0 _aOrdinary differential equaltions: An introduction
260 _aNew Delhi
_bNarosa Publishing House
_c2005
300 _a271 p.
942 _cBK
999 _c142930
_d142930